| Tag |
First Indicator |
Second Indicator |
Subfields |
| LEADER |
00000cam a2200000 4500 |
| 001 |
in00000042120 |
| 005 |
20151007070743.0 |
| 008 |
800531s1954 gw abf 00000 ger d |
| 035 |
|
|
|a (OCoLC)06375306
|
| 035 |
|
|
|9 AAE4642AM
|
| 040 |
|
|
|a TXA
|c TXA
|d UtOrBLW
|
| 049 |
|
|
|a TXAM
|c [300877]
|
| 090 |
|
|
|a QB45
|b .B37 1954
|
| 092 |
|
|
|a 523.1
|b B326w, 1954
|
| 100 |
1 |
|
|a Bastian, Hartmut.
|
| 245 |
1 |
0 |
|a Weltall und Urwelt ;
|b kurzweilige Himmelskunde und Erdgeschichte.
|
| 264 |
|
1 |
|a Berlin :
|b Safari-Verlag,
|c [1954]
|
| 300 |
|
|
|a 459 pages :
|b illustrations, plates, maps. ;
|c 25 cm.
|
| 336 |
|
|
|a text
|b txt
|2 rdacontent
|
| 337 |
|
|
|a unmediated
|b n
|2 rdamedia
|
| 338 |
|
|
|a volume
|b nc
|2 rdacarrier
|
| 490 |
1 |
|
|a Die Welt des Wissens
|
| 650 |
|
0 |
|a Astronomy.
|
| 650 |
|
0 |
|a Geology.
|
| 650 |
|
0 |
|a Cosmogony.
|
| 830 |
|
0 |
|a Welt des Wissens.
|
| 999 |
|
|
|a MARS
|
| 999 |
f |
f |
|s ccb5c203-1842-39f4-83c5-f0a75b76c593
|i 484e7eba-fc57-3101-9776-377a52d885d9
|t 0
|
| 952 |
f |
f |
|p ric
|a Texas A&M University
|b Rellis Campus
|c Joint Library Facility
|d Remote Storage
|t 0
|e QB45 .B37 1954
|h Library of Congress classification
|i unmediated -- volume
|m A14800900697
|
| 998 |
f |
f |
|a QB45 .B37 1954
|t 0
|l Remote Storage
|